Регионална библиотека "Любен Каравелов" - Русе

Техническо чертане и стандартизация (Запис номер 60224)

MARC детайли
000 -Лидер
Контролно поле с фиксирана дължина 01408nam a2200325 c 4500
003 - Код на организацията, давaща контролен номер
Контролно поле BLK
005 - Дата и час на последна редакция
Контролно поле 20180422102340.0
008 - Елементи от данни с фиксирана дължина
fixed length control field 180408b bul|||||r ||||||| ||bul||
010 ## - Наследен системен номер
LC control number KNG00064364000
040 ## - Източник на каталожния запис
Идентификатор на билиотеката - собственик на записа BLK
041 ## - Код за език
Код за езика на текст/звукозапис или на отделно заглавие Български
Код за езика КДБФ Български
080 ## - УДК
Текстов определител УДК Инженерна графика. Техническо чертане
УДК код - определител по УДК 62:744
УДК определител (075.8)
УДК - код + определител 62:744(075.8)
100 1# - Редна дума - Автор
Автор Попов, Маркс Христов
Авторска отговорност първи автор
R(LIN) 289753
139 ## - Редно поле
Редна дума Техническо чертане и стандартизация
Авторски знак Тер - Т 53
245 10 - Сведения за заглавието
Заглавие Техническо чертане и стандартизация
Подзаглавни данни Учебник за студентите от ВМЕИ
Редно поле (дума) Маркс Христов Попов; ред. Маркс Христов Попов.
257 ## - Страна на издаване
Страна на създаване/издаване България
260 ## - Област на издателските данни
-- София
Име на издателя, разпространителя и проч. Техника
Година на издаване 1986
Печатница Хасково : Ат. Стратиев
300 ## - Физическа характеристика
Страници 336 с.
Илюстрации и др. с ил.
Размери/Мащаб 25 см
380 ## - Жанр
Жанр Техника
650 #4 - Допълнително описание по предмет – тема
Основно описание – тема или топоним Техническо чертане - учебници за ВУЗ
9 (RLIN) 249317
650 #4 - Допълнително описание по предмет – тема
Основно описание – тема или топоним Стандартизация - учебници за ВУЗ
9 (RLIN) 252102
653 ## - Ключова дума – ненормативна
Ключова дума техническо чертане
653 ## - Ключова дума – ненормативна
Ключова дума стандартизация
700 1# - Други автори (авторска отговорност)
Лично име Попов, Маркс Христов
Автороска отговорност (Описва отношението между автора и произведението) ред.
9 (RLIN) 369909
852 ## - Местоположение
Форматна сигнатура Цб 141549
856 4# - Електронен адрес и достъп
Електронен формат pdf - файл
Път до файла /url/
856 4# - Електронен адрес и достъп
Електронен формат pdf - файл
Път до файла /url/
942 ## - АРТИКУЛИ
Вид на библиотечния материал Книги
Скрит в OPAC Не
944 ## - СЪЗДАВАНЕ И РЕДАКЦИЯ на ЗАПИСА
Създаване/Редакция Създаване
Дата на регистрацията/редакция 13.06.2004
Служител, извършил регистрацията/редакцията Наталия_Медовщикова
944 ## - СЪЗДАВАНЕ И РЕДАКЦИЯ на ЗАПИСА
Създаване/Редакция Редакция
Дата на регистрацията/редакция 04.06.2009
Служител, извършил регистрацията/редакцията
999 ## - СИСТЕМНИ КОНТРОЛНИ НОМЕРА
Koha biblionumber 60224
Koha biblioitemnumber 60224
Наличности
Код за отписване Код за изгубен артикул Източник на класификационната схема Код за повреда Коз за рестрикции Код за отдаване Артикулен № Име на библиотеката - собственик Име на библиотеката, в която се намира в момента Статус (Текущо местоположение) Дата на вписване в системата Местоположение - отдел Цена в лева Инвентарен номер Систематично азбучна сигнатура Баркод Номер на екземпляра Цена в евро Служебна бележка Служебен тип на артикула
  Не е изгубен Universal Decimal Classification Не е повреден без рестрикции ползва се в читалня 99153 Регионална библиотека "Любен Каравелов" Русе Регионална библиотека "Любен Каравелов" Русе Читалня 1993-01-01 Читалня 2.14 446905 Ч 62:744/Т 53 120000446905 1 1.09 Дост: Pk Вид: Ф N: стар фонд Дата: 01.01.1986 Дата инв: 24.03.2017 Бележки инв: Ч2017 Книги
  Не е изгубен Universal Decimal Classification Не е повреден без рестрикции ползва се в читалня 99154 Регионална библиотека "Любен Каравелов" Русе Регионална библиотека "Любен Каравелов" Русе Хранилище 1986-01-01 Хранилище 2.14 448054 Цб 141549 120000448054 2 1.09 Дост: Dp Вид: Д N: стар фонд Дата: 01.01.1986 Книги
Изтеглен Не е изгубен Universal Decimal Classification Не е повреден без рестрикции заемане за дома 99155 Регионална библиотека "Любен Каравелов" Русе Регионална библиотека "Любен Каравелов" Русе Заемна - подръчен фонд 1986-01-01 Заемна - подръчен фонд 2.14 489297 П 62:744/Т 53 489297 3 1.09 Дост: Pk Вид: Ф N: стар фонд Дата: 01.01.1986 Книги
Vip Innovations Ltd, Rousse, Bulgaria 2025